Koneman's color atlas and textbook of diagonostic microbiology / (Record no. 32548)

000 -LEADER
fixed length control field 00818nam a22002417a 4500
008 - FIXED-LENGTH DATA ELEMENTS--GENERAL INFORMATION
fixed length control field 260622b |||||||| |||| 00| 0 eng d
020 ## - INTERNATIONAL STANDARD BOOK NUMBER
International Standard Book Number 9781284322378
050 ## - LIBRARY OF CONGRESS CALL NUMBER
Classification number QR67
Item number .K66 2017
100 ## - MAIN ENTRY--PERSONAL NAME
Personal name Procop Gary W.
245 ## - TITLE STATEMENT
Title Koneman's color atlas and textbook of diagonostic microbiology /
Statement of responsibility, etc. Gary W. Procop
250 ## - EDITION STATEMENT
Edition statement 7th ed.
260 ## - PUBLICATION, DISTRIBUTION, ETC. (IMPRINT)
Place of publication, distribution, etc. Burlington,MA :
Name of publisher, distributor, etc. Jones & Bartlett learning ,
Date of publication, distribution, etc. 2017.
300 ## - PHYSICAL DESCRIPTION
Extent xxxiv,1606p. :
Other physical details ill. ;
Dimensions 28cm.
504 ## - BIBLIOGRAPHY, ETC. NOTE
Bibliography, etc Includes bibliographical references and index
650 ## - SUBJECT ADDED ENTRY--TOPICAL TERM
Source of heading or term Diagonostic microbiology.
700 ## - ADDED ENTRY--PERSONAL NAME
Personal name Church Deirdre L. ,
700 ## - ADDED ENTRY--PERSONAL NAME
Personal name Hall Geraldine S. ,
700 ## - ADDED ENTRY--PERSONAL NAME
Personal name Janda William M. ,
700 ## - ADDED ENTRY--PERSONAL NAME
Personal name Koneman Elmer W. ,
700 ## - ADDED ENTRY--PERSONAL NAME
Personal name Schreckenberger Paul C. ,
700 ## - ADDED ENTRY--PERSONAL NAME
Personal name Woods Gail L. ,
942 ## - ADDED ENTRY ELEMENTS (KOHA)
Source of classification or shelving scheme
Classification part QR67 .K66 2017
Koha item type Hard Covered Materials
Holdings
Withdrawn status Lost status Source of classification or shelving scheme Damaged status Not for loan Home library Current library Shelving location Date acquired Source of acquisition Total Checkouts Full call number Barcode Date last seen Price effective from Koha item type
          MACHAKOS UNIVERSITY LIBRARY MACHAKOS UNIVERSITY LIBRARY Open shelf 12/06/2026 KNTCC   QR67 .K66 2017 40663 22/06/2026 22/06/2026 Hard Covered Materials
© Machakos University Library, Along The Highway, Machakos Wote Rd, Machakos, Kenya P.O. Box 136 - 90100 Machakos - Kenya

Tel: ( +254 ) 723 805829 OR Fax : 044-20353 OR Email: library@mksu.ac.ke